[Event "Mecklenburg VP Verbandsliga 1920"]
[Site "Mecklenburg VP"]
[Date "2020.01.19"]
[Round "5.2"]
[White "Hubert, Peter"]
[Black "Kross, Gunnar"]
[Result "1/2-1/2"]
[WhiteElo "2114"]
[BlackElo "2049"]
[PlyCount "28"]
[EventDate "2019.09.29"]
[EventType "team-tourn"]
[EventRounds "9"]
[EventCountry "GER"]
[SourceTitle "EXT 2023"]
[Source "ChessBase"]
[SourceDate "2022.10.05"]
[SourceVersion "1"]
[SourceVersionDate "2022.10.05"]
[SourceQuality "1"]
[WhiteTeam "Stralsund HSG"]
[BlackTeam "Schwerin SF III"]
[WhiteTeamCountry "GER"]
[BlackTeamCountry "GER"]

1. Nf3 Nf6 2. c4 g6 3. d4 Bg7 4. Nc3 0-0 5. e4 d6 6. Be2 Nbd7 7. 0-0 e5 8. dxe5 Nxe5 9. Nxe5 dxe5 10. h3 c6 11. Be3 b6 12. Qc1 Qe7 13. Bh6 Ne8 14. Bxg7 Nxg7 1/2-1/2

[Event "MVP-ch Seniors op 18th"]
[Site "Ostseebad Binz"]
[Date "2018.12.05"]
[Round "8"]
[White "Daeubler, Heinrich"]
[Black "Hubert, Peter"]
[Result "1/2-1/2"]
[WhiteElo "2156"]
[BlackElo "2063"]
[PlyCount "81"]
[EventDate "2018.11.28"]
[EventType "swiss"]
[EventRounds "9"]
[EventCountry "GER"]
[SourceTitle "CBM 188 Extra"]
[Source "ChessBase"]
[SourceDate "2019.02.26"]
[SourceVersion "1"]
[SourceVersionDate "2019.02.26"]
[SourceQuality "1"]

1. d4 Nf6 2. c4 e6 3. Nf3 d5 4. g3 Bb4+ 5. Bd2 Bxd2+ 6. Nbxd2 0-0 7. Qc2 Nbd7 8. Bg2 c6 9. 0-0 Re8 10. Rfd1 Qe7 11. e4 Nxe4 12. Nxe4 dxe4 13. Qxe4 Nf6 14. Qc2 Qc7 15. b4 a5 16. a3 Rd8 17. Rab1 axb4 18. axb4 Bd7 19. Ne5 Be8 20. c5 g6 21. Nc4 Ra7 22. Qb2 Bd7 23. Ra1 Rda8 24. Rxa7 Rxa7 25. Ra1 Qb8 26. Ra3 Nd5 27. Qa1 Rxa3 28. Qxa3 Nc7 29. Nd6 Ne8 30. Nc4 Nc7 31. h4 Nb5 32. Qa1 Qd8 33. Qa5 Qxa5 34. Nxa5 Nxd4 35. Nxb7 Kf8 36. Na5 Ke7 37. Kf1 Kd8 38. Ke1 Nc2+ 39. Kd2 Nxb4 40. Kc3 Na6 41. Kd4 1/2-1/2

[Event "Oberliga Nord O 1718"]
[Site "Germany"]
[Date "2017.11.12"]
[Round "3.3"]
[White "Hubert, Peter"]
[Black "Kiesekamp, Marcos"]
[Result "0-1"]
[WhiteElo "2061"]
[BlackElo "2306"]
[PlyCount "78"]
[EventDate "2017.10.08"]
[EventType "team-tourn"]
[EventRounds "9"]
[EventCountry "GER"]
[SourceTitle "EXT 2019"]
[Source "ChessBase"]
[SourceDate "2018.10.10"]
[SourceVersion "1"]
[SourceVersionDate "2018.10.10"]
[SourceQuality "1"]
[WhiteTeam "Stralsund"]
[BlackTeam "Berlin Makkabi"]
[WhiteTeamCountry "GER"]
[BlackTeamCountry "GER"]

1. Nf3 Nf6 2. g3 c5 3. c4 e6 4. Bg2 d5 5. 0-0 Be7 6. cxd5 exd5 7. d4 b6 8. Nc3 Nc6 9. Bf4 0-0 10. h3 Be6 11. g4 Rc8 12. e3 Ne4 13. Rc1 cxd4 14. Nxd4 Nxd4 15. exd4 f5 16. f3 Nd6 17. Qe2 Bf7 18. b3 g5 19. Be5 f4 20. Rfe1 Re8 21. Qa6 Bf6 22. Bf1 Bxe5 23. Rxe5 Rxe5 24. dxe5 d4 25. Ne2 Rxc1 26. Nxc1 Nc8 27. Bc4 Qc7 28. Nd3 Bxc4 29. bxc4 Qd7 30. c5 Kf7 31. Qc4+ Qe6 32. Qxd4 Qxa2 33. Qd7+ Ne7 34. cxb6 axb6 35. Qd6 Qe6 36. Qd4 Qd5 37. Qc3 Nc6 38. Kf2 Qd4+ 39. Qxd4 Nxd4 0-1

[Event "Oberliga Nord O 1718"]
[Site "Germany"]
[Date "2017.10.08"]
[Round "1.2"]
[White "Hubert, Peter"]
[Black "Gyorkos, Lajos"]
[Result "1/2-1/2"]
[WhiteElo "2061"]
[BlackElo "2326"]
[PlyCount "54"]
[EventDate "2017.10.08"]
[EventType "team-tourn"]
[EventRounds "9"]
[EventCountry "GER"]
[SourceTitle "EXT 2019"]
[Source "ChessBase"]
[SourceDate "2018.10.10"]
[SourceVersion "1"]
[SourceVersionDate "2018.10.10"]
[SourceQuality "1"]
[WhiteTeam "Stralsund"]
[BlackTeam "Neuruppin"]
[WhiteTeamCountry "GER"]
[BlackTeamCountry "GER"]

1. Nf3 c5 2. c4 g6 3. Nc3 Bg7 4. g3 Nc6 5. Bg2 e6 6. 0-0 Nge7 7. e3 0-0 8. d4 cxd4 9. exd4 d5 10. cxd5 Nxd5 11. Re1 Nde7 12. Be3 Nf5 13. d5 Bxc3 14. bxc3 Nxe3 15. Rxe3 exd5 16. Nd4 Nxd4 17. Qxd4 Be6 18. Re5 Qf6 19. Rxd5 Qxd4 20. Rxd4 Rab8 21. a4 Rfc8 22. Ra3 b6 23. Bd5 Bxd5 24. Rxd5 Rc7 25. a5 Kg7 26. Rb3 Rbc8 27. axb6 axb6 1/2-1/2

[Event "Mecklenburg VP LL 1617"]
[Site "Mecklenburg VP"]
[Date "2017.04.23"]
[Round "9.2"]
[White "Rossmann, Andreas"]
[Black "Hubert, Peter"]
[Result "1/2-1/2"]
[WhiteElo "1919"]
[BlackElo "2001"]
[PlyCount "142"]
[EventDate "2016.10.16"]
[EventType "team-tourn"]
[EventRounds "9"]
[EventCountry "GER"]
[SourceTitle "EXT 2022"]
[Source "ChessBase"]
[SourceDate "2021.10.06"]
[SourceVersion "1"]
[SourceVersionDate "2021.10.06"]
[SourceQuality "1"]
[WhiteTeam "Neubrandenburg SG Eintracht"]
[BlackTeam "Stralsund FHSG"]
[WhiteTeamCountry "GER"]
[BlackTeamCountry "GER"]

1. Nf3 Nf6 2. c4 e6 3. d4 d5 4. Nc3 Be7 5. Bg5 0-0 6. e3 b6 7. cxd5 exd5 8. Ne5 Bb7 9. Be2 Nbd7 10. Nxd7 Qxd7 11. 0-0 h6 12. Bh4 Ne4 13. Bxe7 Nxc3 14. bxc3 Qxe7 15. Bf3 c6 16. Re1 Qa3 17. Qb3 Qxb3 18. axb3 Rfe8 19. Rec1 a5 20. Ra3 c5 21. dxc5 bxc5 22. c4 Red8 23. cxd5 Bxd5 24. Rxc5 Rac8 25. Raxa5 Bxb3 26. Rxc8 Rxc8 27. Ra1 g6 28. h4 h5 29. Ra5 Kg7 30. Rb5 Be6 31. Rb4 Rc2 32. g4 hxg4 33. Bxg4 Rc4 34. Rxc4 Bxc4 35. Kg2 f5 36. Bd1 Kf6 37. f4 Bd5+ 38. Kf2 Bc4 39. Bf3 Bb5 40. Ke1 Ke6 41. Kd2 Kd6 42. Kc3 Kc5 43. Bd1 Bd7 44. Bb3 Be8 45. Bg8 Kd6 46. Kd4 Ke7 47. Ke5 Bd7 48. Bd5 Bb5 49. Bf3 Kf7 50. h5 Kg7 51. hxg6 Kxg6 52. Bd1 Bd3 53. Ba4 Kf7 54. Bd7 Kg6 55. Be8+ Kg7 56. Bh5 Kh6 57. Bf3 Kg6 58. Ke6 Bc4+ 59. Bd5 Bd3 60. Ke7 Kg7 61. Bc6 Bc2 62. Ke6 Bd3 63. Ke5 Kg6 64. Kd5 Bc2 65. Ke5 Bd3 66. Bg2 Bc2 67. Bf1 Bb1 68. Kd4 Kf6 69. Bd3 Ba2 70. Kc5 Bb3 71. Bb1 Bd1 1/2-1/2

[Event "Mecklenburg VP VL 1516"]
[Site "Mecklenburg VP"]
[Date "2016.01.17"]
[Round "5.2"]
[White "Hubert, Peter"]
[Black "Westphal, Wolfgang"]
[Result "1/2-1/2"]
[WhiteElo "1986"]
[BlackElo "2106"]
[PlyCount "145"]
[EventDate "2015.09.20"]
[EventType "team-tourn"]
[EventRounds "9"]
[EventCountry "GER"]
[SourceTitle "EXT 2022"]
[Source "ChessBase"]
[SourceDate "2021.10.06"]
[SourceVersion "1"]
[SourceVersionDate "2021.10.06"]
[SourceQuality "1"]
[WhiteTeam "Stralsund FHSG"]
[BlackTeam "Schwerin SF III"]
[WhiteTeamCountry "GER"]
[BlackTeamCountry "GER"]

1. Nf3 Nf6 2. d4 e6 3. Bg5 b6 4. e3 h6 5. Bh4 Bb7 6. Nbd2 Be7 7. Bd3 d5 8. Ne5 0-0 9. 0-0 Nbd7 10. Ndf3 Nxe5 11. Nxe5 Nd7 12. Bxe7 Qxe7 13. Nxd7 Qxd7 14. f4 Qe7 15. c3 a5 16. Qh5 Ba6 17. Bxa6 Rxa6 18. Qe2 Raa8 19. e4 dxe4 20. Qxe4 Qd6 21. Rad1 Rad8 22. f5 Qd5 23. Qxd5 exd5 24. Rfe1 Rfe8 25. Kf2 Kf8 26. g4 g6 27. fxg6 fxg6 28. h4 Kf7 29. Kf3 Kf6 30. Kf4 g5+ 31. hxg5+ hxg5+ 32. Kg3 Kg6 33. a4 Ra8 34. Re5 Rxe5 35. dxe5 Kf7 36. Rxd5 Ke6 37. Rd1 Rf8 38. b3 Rf7 39. c4 Rf8 40. Re1 Rd8 41. Re3 c6 42. Kf3 Rf8+ 43. Kg3 Rf1 44. Kg2 Rf4 45. Kh3 b5 46. axb5 cxb5 47. cxb5 Rb4 48. b6 Rxb6 49. Kg3 Rb5 50. Kf3 Rb4 51. Kg3 Rd4 52. Kf3 Rf4+ 53. Kg3 Rf1 54. Kg2 Rf8 55. Kg3 Rf7 56. Rf3 Rb7 57. Re3 Rb8 58. Kf3 Rh8 59. Kg3 Rh7 60. Rf3 Rb7 61. Re3 Rc7 62. Kf2 Rc5 63. Ke2 Rc1 64. Kf3 Rc2 65. Kg3 Ra2 66. Kf3 Ra3 67. Ke4 a4 68. bxa4 Rxa4+ 69. Kf3 Rf4+ 70. Kg3 Rf8 71. Rf3 Rxf3+ 72. Kxf3 Kxe5 73. Ke3 1/2-1/2

[Event "Mecklenburg VP VL 1415"]
[Site "Mecklenburg VP"]
[Date "2015.01.18"]
[Round "5.2"]
[White "Hubert, Peter"]
[Black "Engel, Gunnar"]
[Result "0-1"]
[WhiteElo "1999"]
[BlackElo "2016"]
[PlyCount "77"]
[EventDate "2014.09.21"]
[EventType "team-tourn"]
[EventRounds "9"]
[EventCountry "GER"]
[SourceTitle "EXT 2022"]
[Source "ChessBase"]
[SourceDate "2021.10.06"]
[SourceVersion "1"]
[SourceVersionDate "2021.10.06"]
[SourceQuality "1"]
[WhiteTeam "Stralsund FHSG"]
[BlackTeam "Rostock SSC 07 II"]
[WhiteTeamCountry "GER"]
[BlackTeamCountry "GER"]

1. Nf3 Nf6 2. d4 g6 3. c4 Bg7 4. Nc3 0-0 5. e4 d6 6. Be2 e5 7. dxe5 dxe5 8. 0-0 Nbd7 9. Bg5 Re8 10. Qc2 c6 11. Rfd1 Qc7 12. Rab1 Nc5 13. h3 Ne6 14. Be3 Nf4 15. Bf1 Be6 16. Ng5 Bd7 17. g3 h6 18. Nxf7 Kxf7 19. gxf4 exf4 20. Bc5 Qe5 21. Bd6 Qh5 22. Bxf4 Bxh3 23. Bxh3 Qxh3 24. Qe2 Nh5 25. Bh2 Be5 26. f3 Kg8 27. Rd3 Bg3 28. Rd2 Bxh2+ 29. Qxh2 Qxf3 30. Qg2 Qe3+ 31. Qf2 Qg5+ 32. Qg2 Qc5+ 33. Kh1 Nf4 34. Qg3 g5 35. Rbd1 Qxc4 36. Rd6 Re6 37. R6d4 Ne2 38. Rd8+ Re8 39. Qd6 0-1

[Event "Mecklenburg VP VL 1213"]
[Site "Mecklenburg VP"]
[Date "2013.01.13"]
[Round "5.2"]
[White "Moeller, Peter"]
[Black "Hubert, Peter"]
[Result "1/2-1/2"]
[WhiteElo "1975"]
[BlackElo "1957"]
[PlyCount "133"]
[EventDate "2012.10.14"]
[EventType "team-tourn"]
[EventRounds "9"]
[EventCountry "GER"]
[SourceTitle "EXT 2022"]
[Source "ChessBase"]
[SourceDate "2021.10.06"]
[SourceVersion "1"]
[SourceVersionDate "2021.10.06"]
[SourceQuality "1"]
[WhiteTeam "Rostock HSG Uni"]
[BlackTeam "Stralsund FHSG"]
[WhiteTeamCountry "GER"]
[BlackTeamCountry "GER"]

1. Nf3 Nf6 2. g3 d5 3. Bg2 e6 4. d3 c5 5. 0-0 Nc6 6. Nbd2 Bd6 7. e4 0-0 8. Re1 Qc7 9. Qe2 dxe4 10. dxe4 e5 11. c3 Bg4 12. Nc4 Be7 13. Ne3 Rad8 14. Nxg4 Nxg4 15. Nh4 Bxh4 16. Qxg4 Bf6 17. Be3 b6 18. h4 Rd6 19. Rad1 Rfd8 20. Rxd6 Qxd6 21. Bf1 Qd7 22. Qxd7 Rxd7 23. Bb5 Rd6 24. Bxc6 Rxc6 25. Rd1 Rc7 26. Rd5 Kf8 27. c4 Ke8 28. Kf1 Re7 29. Ke2 Re6 30. Kd3 Be7 31. h5 Rd6 32. f4 f6 33. Bd2 Kd7 34. Ke3 Rxd5 35. cxd5 b5 36. a3 c4 37. Bc3 Bc5+ 38. Ke2 Bd4 39. fxe5 fxe5 40. Kd2 g6 41. hxg6 hxg6 42. Kc2 Kc7 43. Bb4 Bb6 44. a4 bxa4 45. Kc3 Bd4+ 46. Kxc4 Bf2 47. g4 Kb6 48. Bc3 Bg3 49. Kb4 a3 50. Kxa3 Kb5 51. Kb3 Bf4 52. Kc2 Bg3 53. Kd3 a6 54. Bd2 Bh4 55. Bh6 Be7 56. Bg7 Bd6 57. Kc3 a5 58. Bf6 a4 59. Bg7 Kc5 60. Bh6 Kb5 61. Be3 Bb4+ 62. Kd3 Bd6 63. Bd2 Bc5 64. Kc3 Bd6 65. Be3 Bb4+ 66. Kd3 Bd6 67. Bd2 1/2-1/2

[Event "Mecklenburg VP VL 1213"]
[Site "Mecklenburg VP"]
[Date "2012.11.25"]
[Round "3.2"]
[White "Roehl, Rainer"]
[Black "Hubert, Peter"]
[Result "1/2-1/2"]
[WhiteElo "2063"]
[BlackElo "1957"]
[PlyCount "73"]
[EventDate "2012.10.14"]
[EventType "team-tourn"]
[EventRounds "9"]
[EventCountry "GER"]
[SourceTitle "EXT 2022"]
[Source "ChessBase"]
[SourceDate "2021.10.06"]
[SourceVersion "1"]
[SourceVersionDate "2021.10.06"]
[SourceQuality "1"]
[WhiteTeam "Schwerin SF II"]
[BlackTeam "Stralsund FHSG"]
[WhiteTeamCountry "GER"]
[BlackTeamCountry "GER"]

1. d4 Nf6 2. Nf3 e6 3. e3 b6 4. Bd3 Bb7 5. Nbd2 d5 6. b3 Bb4 7. Bb2 Ne4 8. 0-0 0-0 9. c3 Bd6 10. Qc2 f5 11. Rfd1 Nd7 12. c4 Qe7 13. Ne5 Nxe5 14. dxe5 Bc5 15. cxd5 Nxf2 16. Kxf2 Qh4+ 17. Kg1 Bxe3+ 18. Kh1 Bxd5 19. Nf3 Qh5 20. Qe2 Bf4 21. Bc4 c6 22. Bxd5 cxd5 23. Qf2 Rac8 24. g3 Bh6 25. Nd4 Qg6 26. Qf3 Qf7 27. Bc1 g5 28. Qf1 f4 29. gxf4 Qg6 30. Qg2 Rc3 31. Bb2 Re3 32. f5 exf5 33. Qxd5+ Kh8 34. Re1 f4 35. Ne6 Qf7 36. Qc4 Qb7+ 37. Kg1 1/2-1/2

[Event "Mecklenburg VP VL 1112"]
[Site "Mecklenburg VP"]
[Date "2012.02.26"]
[Round "7.2"]
[White "Hubert, Peter"]
[Black "Weber, Max"]
[Result "0-1"]
[WhiteElo "1990"]
[BlackElo "2043"]
[PlyCount "106"]
[EventDate "2011.10.02"]
[EventType "team-tourn"]
[EventRounds "9"]
[EventCountry "GER"]
[SourceTitle "EXT 2022"]
[Source "ChessBase"]
[SourceDate "2021.10.06"]
[SourceVersion "1"]
[SourceVersionDate "2021.10.06"]
[SourceQuality "1"]
[WhiteTeam "Stralsund FHSG"]
[BlackTeam "Rostock SSC 07 II"]
[WhiteTeamCountry "GER"]
[BlackTeamCountry "GER"]

1. Nf3 Nf6 2. c4 g6 3. g3 Bg7 4. Bg2 d5 5. cxd5 Nxd5 6. 0-0 Nc6 7. Nc3 Nb6 8. d3 0-0 9. a4 a5 10. Be3 Nd4 11. Nxd4 Bxd4 12. Bxd4 Qxd4 13. Nb5 Qd8 14. d4 c6 15. Nc3 Bg4 16. Re1 Qd7 17. Qd3 Rfd8 18. Rad1 Qd6 19. h3 Be6 20. Ne4 Qb4 21. Nc5 Nxa4 22. Nxa4 Qxa4 23. e4 Bb3 24. Rd2 e6 25. Re3 Bc4 26. Qc3 Qb4 27. Bf1 Bxf1 28. Kxf1 Qxc3 29. Rxc3 Rd6 30. Ke2 Rad8 31. Rcd3 Kf8 32. Ke3 Ke7 33. f4 f5 34. Ra3 b6 35. e5 Rd5 36. Rc2 Rc8 37. Rb3 b5 38. Rbc3 Kd7 39. Rc1 Rc7 40. g4 a4 41. gxf5 gxf5 42. Rg1 Kc8 43. h4 c5 44. Rg8+ Kb7 45. dxc5 Rdxc5 46. Rxc5 Rxc5 47. Kd3 b4 48. Rg7+ Kb6 49. Rxh7 a3 50. bxa3 b3 51. Rh8 Ka7 52. Rh7+ Ka6 53. Kd4 Rc6 0-1

[Event "Mecklenburg VP VL 1112"]
[Site "Mecklenburg VP"]
[Date "2011.12.11"]
[Round "4.2"]
[White "Andersen, Finn"]
[Black "Hubert, Peter"]
[Result "1/2-1/2"]
[WhiteElo "2053"]
[BlackElo "1990"]
[PlyCount "146"]
[EventDate "2011.10.02"]
[EventType "team-tourn"]
[EventRounds "9"]
[EventCountry "GER"]
[SourceTitle "EXT 2022"]
[Source "ChessBase"]
[SourceDate "2021.10.06"]
[SourceVersion "1"]
[SourceVersionDate "2021.10.06"]
[SourceQuality "1"]
[WhiteTeam "Schwerin SF"]
[BlackTeam "Stralsund FHSG"]
[WhiteTeamCountry "GER"]
[BlackTeamCountry "GER"]

1. e4 Nc6 2. d3 e5 3. Nf3 Nf6 4. Be2 Be7 5. c3 d5 6. Nbd2 0-0 7. 0-0 Bg4 8. Re1 Bh5 9. b4 a6 10. a3 Bg6 11. Nh4 Qd7 12. Nxg6 hxg6 13. Bf3 d4 14. c4 b6 15. g3 a5 16. b5 Nd8 17. Bg2 Bd6 18. f4 Qe7 19. Nf3 Nd7 20. f5 gxf5 21. exf5 Rc8 22. Ng5 Nf6 23. g4 Re8 24. Nh3 Nh7 25. g5 g6 26. Be4 gxf5 27. Bxf5 Ne6 28. Re4 Nhf8 29. Rh4 Ng7 30. Bxc8 Rxc8 31. Qg4 Re8 32. Nf2 Ng6 33. Ne4 Rd8 34. Nf6+ Kf8 35. Rh7 Qe6 36. Bd2 Qxg4+ 37. Nxg4 Re8 38. Nf6 Re6 39. a4 Be7 40. Ne4 Kg8 41. Rh3 Ne8 42. Rf3 Nh4 43. Rf2 Rg6 44. Kh1 Nd6 45. Nxd6 Bxd6 46. Rg1 Re6 47. Rg4 Ng6 48. Re4 Nf8 49. Re1 Nd7 50. Rf3 Nc5 51. Ra1 e4 52. dxe4 Nxe4 53. Bf4 d3 54. Rd1 Bxf4 55. Rxf4 Nc5 56. Kg2 Re2+ 57. Rf2 Re4 58. Rdf1 Re7 59. Rd2 Re4 60. Rdf2 Re7 61. Rf4 Re2+ 62. Kf3 Rxh2 63. Rxf7 Kxf7 64. Kg3+ Kg6 65. Kxh2 Nxa4 66. Rd1 Nc5 67. Kg3 Kxg5 68. Kf3 Kf5 69. Ke3 a4 70. Rh1 Ke5 71. Rh6 a3 72. Rh5+ Ke6 73. Rh2 Na4 1/2-1/2

[Event "Mecklenburg VP VL 1112"]
[Site "Mecklenburg VP"]
[Date "2011.10.23"]
[Round "2.2"]
[White "Hubert, Peter"]
[Black "Jaeger, Tobias"]
[Result "0-1"]
[WhiteElo "1990"]
[BlackElo "1976"]
[PlyCount "69"]
[EventDate "2011.10.02"]
[EventType "team-tourn"]
[EventRounds "9"]
[EventCountry "GER"]
[SourceTitle "EXT 2022"]
[Source "ChessBase"]
[SourceDate "2021.10.06"]
[SourceVersion "1"]
[SourceVersionDate "2021.10.06"]
[SourceQuality "1"]
[WhiteTeam "Stralsund FHSG"]
[BlackTeam "Neubrandenburg SG Eintracht"]
[WhiteTeamCountry "GER"]
[BlackTeamCountry "GER"]

1. Nf3 Nf6 2. c4 g6 3. Nc3 Bg7 4. g3 0-0 5. Bg2 d6 6. 0-0 e5 7. d4 Nbd7 8. h3 c6 9. e4 Qb6 10. c5 dxc5 11. dxe5 Ne8 12. Bg5 Nc7 13. Be7 Re8 14. Bd6 Ne6 15. Rb1 Qa6 16. Re1 b5 17. a3 Qb6 18. Rc1 Bb7 19. Ne2 Rad8 20. Qc2 c4 21. b3 cxb3 22. Qxb3 a5 23. Nc3 a4 24. Qc2 Nd4 25. Nxd4 Qxd4 26. Ne2 Qb6 27. Bc5 Nxc5 28. Qxc5 Qxc5 29. Rxc5 Bxe5 30. f4 Bb2 31. Rc2 Bxa3 32. e5 Bb4 33. Rb1 Rd2 34. Rxd2 Bxd2 35. Kf2 0-1

[Event "Mecklenburg VP VL 1112"]
[Site "Mecklenburg VP"]
[Date "2011.10.02"]
[Round "1.1"]
[White "Hubert, Peter"]
[Black "Kliewe, Hans Juergen"]
[Result "1/2-1/2"]
[WhiteElo "1990"]
[BlackElo "2071"]
[PlyCount "80"]
[EventDate "2011.10.02"]
[EventType "team-tourn"]
[EventRounds "9"]
[EventCountry "GER"]
[SourceTitle "EXT 2022"]
[Source "ChessBase"]
[SourceDate "2021.10.06"]
[SourceVersion "1"]
[SourceVersionDate "2021.10.06"]
[SourceQuality "1"]
[WhiteTeam "Stralsund FHSG"]
[BlackTeam "Wismar ASV Gruen-Weiss"]
[WhiteTeamCountry "GER"]
[BlackTeamCountry "GER"]

1. Nf3 d5 2. d4 Nf6 3. c4 c6 4. Nc3 dxc4 5. e3 Bg4 6. Bxc4 e6 7. Qb3 Qb6 8. Ne5 Qxb3 9. Bxb3 Bh5 10. 0-0 Bd6 11. f4 Nbd7 12. e4 Bb4 13. Nxd7 Kxd7 14. e5 Nd5 15. Nxd5 cxd5 16. a3 Ba5 17. Kf2 Rac8 18. Ke3 Bg6 19. Bd2 Bb6 20. Ba4+ Kd8 21. Rac1 Be4 22. Bb4 Rxc1 23. Rxc1 Rg8 24. g3 f5 25. Bc5 g5 26. fxg5 Rxg5 27. Bd1 Bxc5 28. Rxc5 Rg7 29. Be2 h6 30. b4 Rh7 31. a4 Rc7 32. a5 b6 33. axb6 axb6 34. Rxc7 Kxc7 35. Kf4 Kd7 36. Bb5+ Ke7 37. g4 fxg4 38. Kxg4 Bg6 39. h4 Kf7 40. Kf4 Bc2 1/2-1/2

[Event "Mecklenburg VP VL 1011"]
[Site "Mecklenburg VP"]
[Date "2010.11.14"]
[Round "3.3"]
[White "Hubert, Peter"]
[Black "Kross, Gunnar"]
[Result "1/2-1/2"]
[WhiteElo "1989"]
[BlackElo "2039"]
[PlyCount "70"]
[EventDate "2010.10.10"]
[EventType "team-tourn"]
[EventRounds "9"]
[EventCountry "GER"]
[SourceTitle "EXT 2022"]
[Source "ChessBase"]
[SourceDate "2021.10.06"]
[SourceVersion "1"]
[SourceVersionDate "2021.10.06"]
[SourceQuality "1"]
[WhiteTeam "Stralsund FHSG"]
[BlackTeam "Grevesmuehlen Blau Weiss"]
[WhiteTeamCountry "GER"]
[BlackTeamCountry "GER"]

1. Nf3 Nf6 2. c4 g6 3. g3 Bg7 4. Bg2 0-0 5. Nc3 d6 6. 0-0 Nbd7 7. d4 c5 8. d5 a6 9. h3 Rb8 10. a4 Ne8 11. Bd2 Nc7 12. Qc1 Nf6 13. Bh6 b5 14. Bxg7 Kxg7 15. Nd2 bxc4 16. Nxc4 Rb4 17. Na2 Rb8 18. Rd1 Bd7 19. Qc2 Qc8 20. Kh2 Qb7 21. e4 Qb3 22. Qxb3 Rxb3 23. Nc1 Rb4 24. b3 Nfe8 25. f4 f6 26. h4 h6 27. Bf3 Na8 28. Rd3 h5 29. Na2 Rb8 30. Re1 Nb6 31. Ne3 a5 32. Nc3 Nc7 33. Bd1 Na6 34. Rd2 Nb4 35. Be2 Rfc8 1/2-1/2